Macleod's clinical examination. (12th ed.) (Record no. 77386)
[ view plain ]
| 000 -LEADER | |
|---|---|
| fixed length control field | 01953nam a2200301 a 4500 |
| 008 - FIXED-LENGTH DATA ELEMENTS--GENERAL INFORMATION | |
| fixed length control field | 120220s2009 ||||||||||||||||| || u |
| 020 ## - INTERNATIONAL STANDARD BOOK NUMBER | |
| International Standard Book Number | 9780443068485 |
| 050 ## - LIBRARY OF CONGRESS CALL NUMBER | |
| Classification number | RC 76 Mac |
| 100 ## - MAIN ENTRY--PERSONAL NAME | |
| Personal name | Robertson, Colin |
| 245 10 - TITLE STATEMENT | |
| Title | Macleod's clinical examination. (12th ed.) |
| Statement of responsibility, etc. | edited by Graham Douglas, Fiona Nicol and Colin Robertson |
| 250 ## - EDITION STATEMENT | |
| Edition statement | 12th ed. |
| 260 ## - PUBLICATION, DISTRIBUTION, ETC. | |
| Place of publication, distribution, etc. | Edinburgh: |
| Name of publisher, distributor, etc. | Churchill Livingstone/Elsevier |
| Date of publication, distribution, etc. | 2009 |
| 300 ## - PHYSICAL DESCRIPTION | |
| Extent | xiii, 476p.: ill. |
| 350 ## - | |
| -- | 65.95 |
| 500 ## - GENERAL NOTE | |
| General note | Accompanied by CD-ROM |
| 650 ## - SUBJECT ADDED ENTRY--TOPICAL TERM | |
| Topical term or geographic name entry element | PHYSICAL EXAMINATION |
| 650 ## - SUBJECT ADDED ENTRY--TOPICAL TERM | |
| Topical term or geographic name entry element | MEDICAL HISTORY TAKING |
| 650 #0 - SUBJECT ADDED ENTRY--TOPICAL TERM | |
| Topical term or geographic name entry element | PHYSICAL DIAGNOSIS |
| 700 ## - ADDED ENTRY--PERSONAL NAME | |
| Personal name | Nicol, Fiona |
| 700 ## - ADDED ENTRY--PERSONAL NAME | |
| Personal name | Douglas, Graham |
| 995 ## - | |
| -- | MEDICAL LIBRARY OPEN ACCESS |
| -- | 902621 |
| -- | CBU-SCHOOL OF MEDICINE LIBRARY (Ndola) |
| -- | 65.95 |
| -- | RC 76 Mac |
| -- | 5 |
| -- | AVAILABLE |
| -- | Feb 17, 2015 |
| -- | 902621 |
| -- | Medical Library Open Access Collection |
| 995 ## - | |
| -- | SHORT LOAN BOOKS |
| -- | 902623 |
| -- | CBU-SCHOOL OF MEDICINE LIBRARY (Ndola) |
| -- | 65.95 |
| -- | RC 76 Mac |
| -- | 7 |
| -- | AVAILABLE |
| -- | Feb 17, 2015 |
| -- | 902623 |
| -- | Medical Library Open Access Collection |
| 995 ## - | |
| -- | MEDICAL LIBRARY OPEN ACCESS |
| -- | 902622 |
| -- | CBU-SCHOOL OF MEDICINE LIBRARY (Ndola) |
| -- | 65.95 |
| -- | RC 76 Mac |
| -- | 6 |
| -- | AVAILABLE |
| -- | Feb 17, 2015 |
| -- | 902622 |
| -- | Medical Library Open Access Collection |
| 995 ## - | |
| -- | MEDICAL LIBRARY OPEN ACCESS |
| -- | 902100 |
| -- | CBU-SCHOOL OF MEDICINE LIBRARY (Ndola) |
| -- | 0.00 |
| -- | RC 76 Mac |
| -- | 3 |
| -- | AVAILABLE |
| -- | Aug 20, 2013 |
| -- | 902100 |
| -- | Medical Library Open Access Collection |
| 995 ## - | |
| -- | MEDICAL LIBRARY OPEN ACCESS |
| -- | 901553 |
| -- | CBU-SCHOOL OF MEDICINE LIBRARY (Ndola) |
| -- | 0.00 |
| -- | RC 76 Mac |
| -- | 1 |
| -- | AVAILABLE |
| -- | Jun 29, 2012 |
| -- | 901553 |
| -- | Medical Library Open Access Collection |
| 995 ## - | |
| -- | MEDICAL LIBRARY OPEN ACCESS |
| -- | 902620 |
| -- | CBU-SCHOOL OF MEDICINE LIBRARY (Ndola) |
| -- | 65.95 |
| -- | RC 76 Mac |
| -- | 4 |
| -- | AVAILABLE |
| -- | Feb 17, 2015 |
| -- | 902620 |
| -- | Medical Library Open Access Collection |
| 995 ## - | |
| -- | MEDICAL LIBRARY OPEN ACCESS |
| -- | 902099 |
| -- | CBU-SCHOOL OF MEDICINE LIBRARY (Ndola) |
| -- | 0.00 |
| -- | RC 76 Mac |
| -- | 2 |
| -- | OUT |
| -- | Aug 20, 2013 |
| -- | 902099 |
| -- | Medical Library Open Access Collection |
| 999 ## - | |
| -- | 77386 |
| -- | 77386 |
No items available.